Test de Vue - Statistiques

Statistiques générales
  • Ce quiz a été pris 309 fois
  • Le résultat moyen est 17 sur 19
Réponses sur la Carte
Les réponses sont colorées sur une échelle allant du rouge au vert en fonction du pourcentage des utilisateurs qui les ont devinées à leur premier essai. Vous pouvez retrouver ces pourcentages ci-dessous.
 
Statistiques - réponses
Lettre % Correct
A
100%
I
100%
R
98%
Y
95%
L
94%
R
94%
M
93%
P
93%
S
92%
D
91%
U
91%
I
90%
Q
88%
B
86%
V
86%
N
85%
G
73%
K
71%
G
47%
Aucun quiz correspondant
Distribution des résultats
% des personnes avec chaque résultat
Percentile par nombre de réponses
Votre historique - résultats
Vous n’avez pas pris ce quiz